[Event "Stay Safe Play From Home 297"]
[Site "Emanuel Lasker Arena"]
[Date "2020.07.14"]
[Round "3"]
[White "Toosieslide"]
[Black "Buzaglo"]
[Result "1-0"]
[WhiteElo "2240"]
[BlackElo "1800"]
[Annotator "TA"]
[PlyCount "75"]
[EventDate "2020.07.14"]
[EventType "swiss (blitz)"]

{[%evp 13,74,17,19,-4,55,-59,-62,-65,0,0,0,0,0,0,95,52,61,15,482,469,491,501,527,369,375,370,373,360,389,386,443,432,492,450,494,416,465,435,540,413,584,592,2543,2235,1156,1156,1140,1121,29993,1090,1322,1195,1164,1137,2487,2227,29972,29974,29984,29985,29985,29986,29999]} 1. d4 e6 2. c4 d5 3. Nc3 Nf6 4. Nf3 c5 5. cxd5 cxd4 6. Qxd4 exd5 7. Bg5 Be7 8. O-O-O {D50: Queen's Gambit Declined: Dutch-Peruvian Gambit.} Be6 {[#]} (8... O-O $11) 9. e3 $146 (9. e4 $1 $14 dxe4 10. Bxf6 (10. Nxe4 Qxd4 11. Rxd4 O-O $15) 10... Bxf6 11. Qxd8+ (11. Qxe4 Qc8 $14) 11... Bxd8 12. Bb5+ (12. Nxe4 O-O $11) 12... Nc6 13. Nd4 (13. Nxe4 O-O $15)) ({Predecessor:} 9. e4 Nc6 10. Qa4 Bd7 11. Bxf6 Bxf6 12. Nxd5 Bg5+ 13. Nxg5 Qxg5+ 14. f4 Qd8 15. Qa3 Rc8 16. Kb1 a6 17. Be2 Be6 18. Bf3 Qa5 19. Qd6 Qd8 20. e5 h5 21. Qa3 Qa5 22. Nf6+ {1-0 (22) Bartos,J (2196)-Brazda,A (1945) Znojmo 2006}) 9... O-O $15 10. Qd2 {Black is slightly better.} Ne4 (10... Qa5 $15) 11. Nxe4 $11 dxe4 12. Qxd8 Bxd8 13. Bxd8 {[#] Strongly threatening Ng5.} Nd7 (13... Nc6 $11 {keeps the balance.}) 14. Be7 Rfe8 15. Bd6 {Hoping for Nd4.} Nb6 $2 {[%mdl 8192] This move loses the game for Black.} (15... exf3 $11 {and Black is okay.} 16. b3 (16. gxf3 Bxa2 17. Rd4 Rac8+ 18. Kd2 Nb6 $11) 16... Bg4) 16. Nd4 $18 Rac8+ 17. Kb1 Nc4 18. Bxc4 Bxc4 19. Rc1 Bd3+ 20. Ka1 Rcd8 21. Bg3 a5 22. Rc7 b5 23. Rhc1 a4 24. Ra7 h5 25. Rcc7 Rf8 26. a3 g5 (26... Rc8 $142 27. Bd6 Rfe8) 27. Nc6 Rc8 28. Rxc8 Rxc8 29. Ne7+ {[%mdl 64] [#] Double Attack} Kg7 30. Nxc8 {White threatens Be5+ and mate.} h4 31. Nd6 (31. Be5+ $142 Kh6 32. Ne7 f6 33. Bxf6 Bc4 34. Ra8 Bg8 35. Rxg8 Kh5 36. Rh8+ Kg4 37. h3#) 31... hxg3 32. hxg3 Kf6 33. Nxf7 Ke6 34. Nxg5+ Kd5 35. Nh3 {White mates.} Kc4 36. Nf4 Kb3 37. Rc7 {[%csl Gb2][%cal Rc7c3]} Bc2 38. Rc3# {Accuracy: White = 68%, Black = 23%.} 1-0

[Event "Stay Safe Play From Home 297"]
[Site "Emanuel Lasker Arena"]
[Date "2020.07.14"]
[Round "3"]
[White "Lamborghini"]
[Black "BrainThinker22"]
[Result "0-1"]
[WhiteElo "2166"]
[BlackElo "2399"]
[Annotator "NA"]
[PlyCount "92"]
[EventDate "2020.07.14"]
[EventType "swiss (blitz)"]

1. e4 {[%emt 0:00:03]} c6 {[%emt 0:00:00]} 2. d4 {[%emt 0:00:01]} d5 {[%emt 0:00:00]} 3. Nc3 {[%emt 0:00:00]} dxe4 {[%emt 0:00:01]} 4. Nxe4 {[%emt 0:00:00]} Bf5 {[%emt 0:00:00]} 5. Ng3 {[%emt 0:00:01]} Bg6 {[%emt 0:00:00]} 6. h4 {[%emt 0:00:00]} h6 {[%emt 0:00:00]} 7. Nf3 {[%emt 0:00:01]} Nd7 {[%emt 0:00:01]} 8. h5 {[%emt 0:00:01]} Bh7 {[%emt 0:00:00]} 9. Bd3 {[%emt 0:00:00]} Bxd3 {[%emt 0:00:00]} 10. Qxd3 {[%emt 0:00:00]} e6 {[%emt 0:00:00]} 11. Bf4 {[%emt 0:00:01]} Qa5+ {[%emt 0:00:02]} 12. Bd2 {[%emt 0:00:01]} Bb4 {[%emt 0:00:00]} 13. c3 {[%emt 0:00:01]} Be7 {[%emt 0:00:00]} 14. c4 {[%emt 0:00:00]} Qc7 {[%emt 0:00:00]} 15. O-O-O {[%emt 0:00:01]} Ngf6 {[%emt 0:00:00]} 16. Kb1 {[%emt 0:00:01]} O-O-O {[%emt 0:00:01]} 17. Qe2 {[%emt 0:00:02]} c5 {[%emt 0:00:02]} 18. Bc3 {[%emt 0:00:03]} Qc6 {[%emt 0:00:01]} 19. Ne5 {[%emt 0:00:03]} Nxe5 {[%emt 0:00:01]} 20. dxe5 {[%emt 0:00:01]} Nd7 {[%emt 0:00:02]} 21. Ne4 {[%emt 0:00:02]} Nb6 {[%emt 0:00:05]} 22. b3 {[%emt 0:00:01]} Rxd1+ {[%emt 0:00:03]} 23. Rxd1 {[%emt 0:00:00]} Rd8 {[%emt 0:00:00]} 24. f4 {[%emt 0:00:01]} Rxd1+ {[%emt 0:00:02]} 25. Qxd1 {[%emt 0:00:01]} Qxe4+ {[%emt 0:00:01]} 26. Kb2 {[%emt 0:00:01]} Qxg2+ {[%emt 0:00:01]} 27. Ka3 {[%emt 0:00:02]} Qc6 {[%emt 0:00:02]} 28. Qg4 {[%emt 0:00:03]} g6 {[%emt 0:00:02]} 29. hxg6 {[%emt 0:00:01]} fxg6 {[%emt 0:00:00]} 30. Qxg6 {[%emt 0:00:01]} Kd7 {[%emt 0:00:02]} 31. Qxh6 {[%emt 0:00:03]} Qe4 {[%emt 0:00:00]} 32. Qh8 {[%emt 0:00:05]} Nc8 {[%emt 0:00:03]} 33. Qh2 {[%emt 0:00:07]} Qd3 {[%emt 0:00:02]} 34. f5 {[%emt 0:00:02]} Qxc3 {[%emt 0:00:02]} 35. fxe6+ {[%emt 0:00:02]} Kc7 {[%emt 0:00:02]} 36. Qh7 {[%emt 0:00:01]} Qxe5 {[%emt 0:00:01]} 37. Qg6 {[%emt 0:00:02]} Qd6 {[%emt 0:00:01]} 38. Qf7 {[%emt 0:00:00]} Qa6+ {[%emt 0:00:01]} 39. Kb2 {[%emt 0:00:01]} Qa5 {[%emt 0:00:01]} 40. a4 {[%emt 0:00:00]} Qd2+ {[%emt 0:00:01]} 41. Ka3 {[%emt 0:00:00]} a5 {[%emt 0:00:01]} 42. Qe8 {[%emt 0:00:01]} Qb4+ {[%emt 0:00:00]} 43. Kb2 {[%emt 0:00:01]} Kb8 {[%emt 0:00:02]} 44. Qd7 {[%emt 0:00:01]} Qb6 {[%emt 0:00:00]} 45. Ka3 {[%emt 0:00:00]} Qc7 {[%emt 0:00:00]} 46. Qd5 {[%emt 0:00:01]} Qd6 {[%emt 0:00:01] Zeit (Lag: Av=0.41s, max=1.0s)} 0-1

[Event "Stay Safe Play From Home 297"]
[Site "Emanuel Lasker Arena"]
[Date "2020.07.12"]
[Round "3"]
[White "Lazieri3"]
[Black "Chesstiger9"]
[Result "0-1"]
[WhiteElo "2007"]
[BlackElo "1943"]
[Annotator "TA"]
[PlyCount "134"]
[EventDate "2020.07.12"]
[EventType "swiss (blitz)"]

{[%evp 9,133,-19,-15,-21,0,-9,-10,-5,-6,-18,-18,-26,-21,-31,-29,-31,-33,-43,-7,-51,-51,-55,-65,-87,-103,-244,-262,-466,-194,-215,-138,-381,-59,-66,-29,-168,-175,-168,-172,-331,-319,-330,-317,-327,-323,-320,-321,-312,-315,-313,-313,-304,-281,-281,-266,-266,-266,-285,-299,-333,-334,-333,-325,-317,-282,-258,-168,-168,-168,-343,-276,-481,-561,-648,-648,-1233,-909,-1632,-1207,-1562,-1490,-2262,-2018,-2033,-1833,-1316,-1214,-827,-179,-29968,-29970,-29957,-29958,-5614,-29966,-29986,-29982,-29982,-29983,-29983,-29984,-29982,-29975,-29985,-29986,-29986,-29987,-29987,-29988,-29988,-29988,-29991,-29992,-29992,-29989,-29992,-29993,-29993,-29994,-29996,-29997,-29997,-29998,-29998,-29999,-29999]} 1. e4 c5 2. Nc3 Nc6 3. Nf3 e6 4. Bc4 a6 5. a3 b5 6. Ba2 {B30: Sicilian: 2...Nc6 3 Bb5, lines without ...g6.} d6 7. d3 Nf6 8. O-O {The position is equal.} Be7 9. h3 O-O 10. Re1 Bb7 11. Bg5 h6 12. Bh4 Rc8 {[#]} 13. Ne2 $146 ({Predecessor:} 13. e5 dxe5 14. Nxe5 Nxe5 15. Rxe5 Qd4 16. Bg3 Rfd8 17. Rb1 Qd7 18. Qe1 Qc6 19. f3 {1-0 (38) Gonzalez,J-Barroso Campos,M (1836) Malaga 2013}) 13... d5 14. exd5 Nxd5 15. Bxe7 Ncxe7 16. Qd2 Ng6 17. Ng3 (17. Bxd5 $17 Bxd5 18. Nh2) 17... Ndf4 $19 {...Bxf3 is the strong threat.} 18. Ne5 $2 (18. Re4 Qf6 19. Qc3) 18... c4 (18... Qg5 $142 19. Nxg6 {[#]} Nxh3+ $1 {[%mdl 576] Discovered Attack} 20. gxh3 Qxd2 21. Ne7+ Kh7 22. Nxc8 Rxc8) 19. Nxg6 Nxg6 20. d4 $2 (20. Qe3 $17) 20... Qd5 $2 ({Black should try} 20... Nh4 $19 21. d5 Bxd5) 21. f3 $15 Rfd8 $40 {[%mdl 128] Black attacks.} 22. Qe3 {Black continues to play with concentration.} (22. c3 $11 {and White has nothing to worry.}) 22... Qxd4 $19 23. Qxd4 Rxd4 24. c3 $2 (24. Rad1 Rcd8 25. Rxd4 Rxd4 26. Kf2) 24... Rd2 25. Re2 Rcd8 26. Rf1 Nf4 27. Rxd2 Rxd2 28. Rf2 Rxf2 29. Kxf2 {[%mdl 4096] Endgame KBN-KBN} Nd3+ 30. Ke3 Nxb2 31. Bb1 Kf8 32. Bc2 Ke7 33. Kd2 f5 34. Kc1 Na4 35. Bxa4 bxa4 {KB-KN} 36. Kd2 g6 37. Nf1 Kd6 38. Ne3 Kc5 39. Nc2 $2 (39. f4) 39... e5 40. Ke3 $2 (40. Ne3 {keeps fighting.}) 40... a5 41. h4 g5 42. hxg5 hxg5 43. g3 f4+ 44. Kf2 Kd5 45. gxf4 gxf4 46. Ke2 e4 47. Nd4 Ke5 48. fxe4 Kxe4 $2 (48... Bxe4 49. Kf2 Bb7) 49. Nb5 $2 {[#]} (49. Nf3 $19) 49... f3+ 50. Kd2 Kf4 51. Nd6 Bd5 (51... Ba6 $19 52. Ke1 Ke3 53. Nf5+ Kd3) 52. Nb5 {Black mates.} Kg3 53. Nd4 Kg2 54. Nf5 f2 55. Ne3+ Kg1 56. Kc2 f1=Q 57. Nxf1 Kxf1 {KB-KPP} 58. Kd2 Kf2 59. Kd1 Ke3 60. Kc2 Ke2 61. Kc1 Kd3 62. Kb2 Kd2 63. Kb1 Kxc3 64. Ka2 Kd2 65. Kb2 c3+ 66. Ka1 c2 {[%cal Rc2c1]} 67. Kb2 c1=Q# {Accuracy: White = 47%, Black = 67%.} 0-1

[Event "Stay Safe Play From Home 297"]
[Site "Emanuel Lasker Arena"]
[Date "2020.07.14"]
[Round "3"]
[White "Sfantul321"]
[Black "AChessPlayer"]
[Result "0-1"]
[WhiteElo "1979"]
[BlackElo "2381"]
[Annotator "NA"]
[PlyCount "124"]
[EventDate "2020.07.14"]
[EventType "swiss (blitz)"]

1. c4 {[%emt 0:00:02]} e6 {[%emt 0:00:01]} 2. Nc3 {[%emt 0:00:00]} d5 {[%emt 0:00:00]} 3. cxd5 {[%emt 0:00:01]} exd5 {[%emt 0:00:00]} 4. d4 {[%emt 0:00:00]} Nf6 {[%emt 0:00:00]} 5. Nf3 {[%emt 0:00:00]} c6 {[%emt 0:00:00]} 6. Bg5 {[%emt 0:00:00]} Nbd7 {[%emt 0:00:00]} 7. e3 {[%emt 0:00:00]} Be7 {[%emt 0:00:00]} 8. Bd3 {[%emt 0:00:00]} O-O {[%emt 0:00:00]} 9. Qc2 {[%emt 0:00:00]} Re8 {[%emt 0:00:04]} 10. O-O {[%emt 0:00:01]} Nf8 {[%emt 0:00:00]} 11. h3 {[%emt 0:00:02]} Ne6 {[%emt 0:00:00]} 12. Bh4 {[%emt 0:00:01]} g6 {[%emt 0:00:00]} 13. Bg3 {[%emt 0:00:01]} Ng7 {[%emt 0:00:00]} 14. Be5 {[%emt 0:00:01]} Bf5 {[%emt 0:00:01]} 15. Rac1 {[%emt 0:00:02]} Bd6 {[%emt 0:00:02]} 16. Rfe1 {[%emt 0:00:02]} Bxd3 {[%emt 0:00:02]} 17. Qxd3 {[%emt 0:00:01]} Nf5 {[%emt 0:00:00]} 18. Bxd6 {[%emt 0:00:03]} Nxd6 {[%emt 0:00:01]} 19. Ne5 {[%emt 0:00:00]} Nfe4 {[%emt 0:00:01]} 20. f3 {[%emt 0:00:01]} Nxc3 {[%emt 0:00:03]} 21. bxc3 {[%emt 0:00:01]} f6 {[%emt 0:00:01]} 22. Ng4 {[%emt 0:00:01]} Kg7 {[%emt 0:00:00]} 23. Qd2 {[%emt 0:00:02]} Qd7 {[%emt 0:00:01]} 24. Re2 {[%emt 0:00:01]} h5 {[%emt 0:00:01]} 25. Nf2 {[%emt 0:00:01]} h4 {[%emt 0:00:02]} 26. Rce1 {[%emt 0:00:01]} Nf5 {[%emt 0:00:00]} 27. Ng4 {[%emt 0:00:01]} Ng3 {[%emt 0:00:01]} 28. Rf2 {[%emt 0:00:02]} Qd6 {[%emt 0:00:01]} 29. e4 {[%emt 0:00:01]} g5 {[%emt 0:00:02]} 30. e5 {[%emt 0:00:01]} f5 {[%emt 0:00:01]} 31. Qxg5+ {[%emt 0:00:01]} Qg6 {[%emt 0:00:02]} 32. Qxg6+ {[%emt 0:00:01]} Kxg6 {[%emt 0:00:00]} 33. Nf6 {[%emt 0:00:00]} Rh8 {[%emt 0:00:02]} 34. Kh2 {[%emt 0:00:01]} Kf7 {[%emt 0:00:01]} 35. Rc2 {[%emt 0:00:03]} Ke6 {[%emt 0:00:00]} 36. c4 {[%emt 0:00:01]} dxc4 {[%emt 0:00:01]} 37. Rxc4 {[%emt 0:00:01]} Rhd8 {[%emt 0:00:00]} 38. Rb1 {[%emt 0:00:01]} Rab8 {[%emt 0:00:01]} 39. a4 {[%emt 0:00:01]} Ne2 {[%emt 0:00:03]} 40. Rbb4 {[%emt 0:00:03]} Nf4 {[%emt 0:00:01]} 41. a5 {[%emt 0:00:03]} Nd5 {[%emt 0:00:01]} 42. Rb2 {[%emt 0:00:02]} Nxf6 {[%emt 0:00:01]} 43. exf6 {[%emt 0:00:01]} Kxf6 {[%emt 0:00:00]} 44. Re2 {[%emt 0:00:01]} Rd5 {[%emt 0:00:01]} 45. a6 {[%emt 0:00:01]} Rd6 {[%emt 0:00:01]} 46. axb7 {[%emt 0:00:01]} Rxb7 {[%emt 0:00:00]} 47. Rec2 {[%emt 0:00:00]} Rb6 {[%emt 0:00:01]} 48. d5 {[%emt 0:00:01]} cxd5 {[%emt 0:00:01]} 49. Rxh4 {[%emt 0:00:01]} d4 {[%emt 0:00:01]} 50. Rd2 {[%emt 0:00:00]} d3 {[%emt 0:00:01]} 51. Rh6+ {[%emt 0:00:01]} Ke5 {[%emt 0:00:00]} 52. Rxd6 {[%emt 0:00:00]} Rxd6 {[%emt 0:00:00]} 53. Kg3 {[%emt 0:00:00]} Kd4 {[%emt 0:00:00]} 54. Kf4 {[%emt 0:00:01]} Kc3 {[%emt 0:00:00]} 55. Rd1 {[%emt 0:00:01]} Kc2 {[%emt 0:00:01]} 56. Ra1 {[%emt 0:00:01]} d2 {[%emt 0:00:00]} 57. Ra2+ {[%emt 0:00:01]} Kb3 {[%emt 0:00:00]} 58. Rxd2 {[%emt 0:00:01]} Rxd2 {[%emt 0:00:02]} 59. Kxf5 {[%emt 0:00:00]} Rxg2 {[%emt 0:00:01]} 60. h4 {[%emt 0:00:01]} Rc2 {[%emt 0:00:00]} 61. h5 {[%emt 0:00:01]} Rc5+ {[%emt 0:00:00]} 62. Kg6 {[%emt 0:00:01]} a5 {[%emt 0:00:00] Time (Lag: Av=0.57s, max=2.9s)} 0-1

[Event "Stay Safe Play From Home 297"]
[Site "Emanuel Lasker Arena"]
[Date "2020.07.12"]
[Round "3"]
[White "Haris kollari 13"]
[Black "Patzeroglu"]
[Result "0-1"]
[WhiteElo "1884"]
[BlackElo "1908"]
[Annotator "NA RC"]
[PlyCount "146"]
[EventDate "2020.07.12"]
[EventType "swiss (blitz)"]

1. e4 {[%emt 0:00:01]} c5 {[%emt 0:00:01]} 2. Nf3 {[%emt 0:00:01]} Nf6 {[%emt 0:00:00]} 3. Nc3 {[%emt 0:00:03]} Nc6 {[%emt 0:00:04]} 4. d4 {[%emt 0:00:02]} d5 {[%emt 0:00:02]} 5. exd5 {[%emt 0:00:06]} Nxd5 {[%emt 0:00:01]} 6. dxc5 {[%emt 0:00:01]} Nxc3 {[%emt 0:00:02]} 7. Qxd8+ {[%emt 0:00:01]} Kxd8 {[%emt 0:00:00]} 8. bxc3 {[%emt 0:00:01]} f6 {[%emt 0:00:00]} 9. Be3 {[%emt 0:00:02]} e5 {[%emt 0:00:00]} 10. O-O-O+ {[%emt 0:00:02]} Kc7 {[%emt 0:00:01]} 11. Bb5 {[%emt 0:00:02]} g5 {[%emt 0:00:21]} 12. Rd2 {[%emt 0:00:03]} Bg4 {[%emt 0:00:07]} 13. Rhd1 {[%emt 0:00:04]} Be7 {[%emt 0:00:01]} 14. h3 {[%emt 0:00:01]} Be6 {[%emt 0:00:02]} 15. Kb2 {[%emt 0:00:12]} h5 {[%emt 0:00:07]} 16. Ba4 {[%emt 0:00:01]} g4 {[%emt 0:00:04]} 17. hxg4 {[%emt 0:00:04]} hxg4 {[%emt 0:00:00]} 18. Ne1 {[%emt 0:00:01]} Rad8 {[%emt 0:00:04]} 19. Bb3 {[%emt 0:00:02]} Rxd2 {[%emt 0:00:03]} 20. Rxd2 {[%emt 0:00:03]} Bf5 {[%emt 0:00:08]} 21. Nd3 {[%emt 0:00:08]} a5 {[%emt 0:00:03]} 22. Ba4 {[%emt 0:00:06]} Rh2 {[%emt 0:00:07]} 23. g3 {[%emt 0:00:01]} Rh1 {[%emt 0:00:03]} 24. Nc1 {[%emt 0:00:15]} Be4 {[%emt 0:00:32]} 25. Nb3 {[%emt 0:00:02]} f5 {[%emt 0:00:01]} 26. Bxc6 {[%emt 0:00:03]} bxc6 {[%emt 0:00:05]} 27. Nxa5 {[%emt 0:00:01]} Bd5 {[%emt 0:00:02]} 28. c4 {[%emt 0:00:17]} Be6 {[%emt 0:00:24]} 29. Rd3 {[%emt 0:00:10]} Re1 {[%emt 0:00:15]} 30. Rb3 {[%emt 0:00:02]} Bc8 {[%emt 0:00:03]} 31. Rb6 {[%emt 0:00:05]} Bd7 {[%emt 0:00:22]} 32. Rb7+ {[%emt 0:00:02]} Kc8 {[%emt 0:00:03]} 33. Ra7 {[%emt 0:00:03]} Rxe3 {[%emt 0:00:02]} 34. fxe3 {[%emt 0:00:02]} Bxc5 {[%emt 0:00:01]} 35. Ra6 {[%emt 0:00:12]} Bxe3 {[%emt 0:00:06]} 36. Nxc6 {[%emt 0:00:01]} Kb7 {[%emt 0:00:25]} 37. Nb4 {[%emt 0:00:02]} f4 {[%emt 0:00:10]} 38. gxf4 {[%emt 0:00:19]} exf4 {[%emt 0:00:00]} 39. Rg6 {[%emt 0:00:04]} f3 {[%emt 0:00:15]} 40. Nd3 {[%emt 0:00:01]} f2 {[%emt 0:00:06]} 41. Nxf2 {[%emt 0:00:09]} Bxf2 {[%emt 0:00:02]} 42. Kb3 {[%emt 0:00:03]} g3 {[%emt 0:00:01]} 43. a4 {[%emt 0:00:02]} Bc6 {[%emt 0:00:01]} 44. Rg7+ {[%emt 0:00:02]} Kb6 {[%emt 0:00:03]} 45. Rg6 {[%emt 0:00:04]} g2 {[%emt 0:00:02]} 46. a5+ {[%emt 0:00:01]} Kc5 {[%emt 0:00:03]} 47. Rg5+ {[%emt 0:00:01]} Kd6 {[%emt 0:00:05]} 48. Rg6+ {[%emt 0:00:01]} Ke5 {[%emt 0:00:06]} 49. Rxc6 {[%emt 0:00:11]} g1=Q {[%emt 0:00:01]} 50. a6 {[%emt 0:00:01]} Qb1+ {[%emt 0:00:01]} 51. Kc3 {[%emt 0:00:03]} Be1+ {[%emt 0:00:04]} 52. Kd3 {[%emt 0:00:04]} Qd1+ {[%emt 0:00:01]} 53. Ke3 {[%emt 0:00:01]} Qd2+ {[%emt 0:00:01]} 54. Kf3 {[%emt 0:00:01]} Qf2+ {[%emt 0:00:01]} 55. Kg4 {[%emt 0:00:05]} Qg2+ {[%emt 0:00:00]} 56. Kh5 {[%emt 0:00:02]} Qxc6 {[%emt 0:00:00]} 57. a7 {[%emt 0:00:00]} Qa8 {[%emt 0:00:01]} 58. c5 {[%emt 0:00:01]} Qxa7 {[%emt 0:00:00]} 59. c6 {[%emt 0:00:01]} Qc7 {[%emt 0:00:00]} 60. Kg4 {[%emt 0:00:01]} Qxc6 {[%emt 0:00:00]} 61. c4 {[%emt 0:00:01]} Qxc4+ {[%emt 0:00:01]} 62. Kf3 {[%emt 0:00:01]} Qf4+ {[%emt 0:00:00]} 63. Ke2 {[%emt 0:00:01]} Bh4 {[%emt 0:00:01]} 64. Kd3 {[%emt 0:00:01]} Bd8 {[%emt 0:00:00]} 65. Kc3 {[%emt 0:00:01]} Qd4+ {[%emt 0:00:02]} 66. Kb3 {[%emt 0:00:02]} Kd5 {[%emt 0:00:00]} 67. Kc2 {[%emt 0:00:02]} Kc5 {[%emt 0:00:00]} 68. Kb3 {[%emt 0:00:01]} Qe3+ {[%emt 0:00:01]} 69. Kc2 {[%emt 0:00:01]} Kc4 {[%emt 0:00:02]} 70. Kb2 {[%emt 0:00:01]} Qb3+ {[%emt 0:00:02]} 71. Kc1 {[%emt 0:00:01]} Qa2 {[%emt 0:00:01]} 72. Kd1 {[%emt 0:00:02]} Kd3 {[%emt 0:00:00]} 73. Ke1 {[%emt 0:00:01]} Qe2# {[%emt 0:00:03] (Lag: Av=1.28s, max=3.5s)} 0-1

[Event "Stay Safe Play From Home 297"]
[Site "Emanuel Lasker Arena"]
[Date "2020.07.14"]
[Round "3"]
[White "NTBT_DHS"]
[Black "Mepe_Nika"]
[Result "1-0"]
[WhiteElo "1872"]
[BlackElo "2380"]
[Annotator "TA"]
[PlyCount "113"]
[EventDate "2020.07.14"]
[EventType "swiss (blitz)"]

{[%evp 9,113,43,133,-7,245,125,158,167,165,157,163,164,154,-102,649,636,620,168,470,483,549,550,538,480,491,499,469,449,408,297,277,279,295,269,267,245,471,466,548,406,429,443,410,386,427,420,410,352,352,352,377,361,361,352,352,352,352,352,626,546,546,539,538,531,574,564,935,931,877,883,5800,5700,5705,5708,5422,5147,5637,1068,29998,29977,4806,-477,1435,749,651,0,165,151,226,-126,8,-1337,0,-163,0,0,4634,225,470,268,477,461,29974,378,29975,29976]} 1. e4 e5 2. Nf3 Nc6 3. Bc4 a6 4. O-O Nf6 5. d4 {[#]} Nxe4 $146 (5... exd4 $14 6. Ng5 (6. Nxd4 Ne5 $11) 6... Ne5) ({Predecessor:} 5... Bd6 6. Re1 O-O 7. Nc3 Bb4 8. dxe5 Ng4 9. Bf4 Bc5 10. Re2 Nxf2 11. Rxf2 Bxf2+ 12. Kxf2 Na5 13. Bd3 Qe7 14. Nd5 Qc5+ 15. Be3 Qc6 16. Ne7+ Kh8 17. Nxc6 Nxc6 18. Nd4 {1-0 (18) Mieses,B (1772)-Sebastian,H Lima 2012}) 6. Re1 {C50: Hungarian Defence and Giuoco Pianissimo.} (6. Nxe5 $16 Nxe5 7. dxe5) 6... Nd6 $2 {[%mdl 8192]} (6... d5 $11 {and Black is okay.}) 7. Bb3 (7. Nxe5 $18 Nxe5 8. Bd5 (8. Rxe5+ Be7 $16)) 7... e4 8. Ng5 $1 {White is clearly better.} Be7 9. Qh5 $1 {[%cal Rg5f7]} (9. Nxe4 $6 Nxe4 10. Rxe4 d5 $14) 9... g6 10. Qh6 $40 {[%mdl 128] White has strong attack.} Nxd4 {...N4f5 is the strong threat.} 11. Qg7 $2 (11. Nxe4 $16 {[%cal Re4f6] is necessary to keep the advantage.} Ne6 12. Nxd6+ cxd6 13. Nc3) 11... Rf8 $2 {[%mdl 8192]} (11... Bf6 $17 12. Qh6 Ne6 13. Nxe4 Nxe4 14. Rxe4 b5) 12. Qxd4 $18 Bxg5 13. Qe5+ $2 (13. Nc3 Be7 14. Bh6 (14. Nxe4 Nxe4 15. Qxe4 c6 $18)) 13... Qe7 $2 (13... Be7 {is tougher.}) 14. Qxg5 Qxg5 15. Bxg5 f5 16. f3 b5 17. Nc3 Bb7 18. fxe4 Nxe4 19. Bd5 Bxd5 20. Nxd5 Kf7 21. Bh6 (21. Nxc7 Rac8 $16) 21... Rfc8 22. c3 c6 $2 (22... Rab8 23. g4 c6) 23. Nb6 $1 {[%csl LRa8,LRc8,LRd7][%mdl 64] Double Attack} d5 24. Rad1 Re8 25. Nxa8 Rxa8 26. Be3 Re8 27. Bd4 a5 28. Bb6 a4 29. a3 Re6 30. Bd4 g5 31. g3 Kg6 32. Kg2 h5 33. h4 f4 $2 (33... g4 34. Rf1 Re7) 34. hxg5 fxg3 35. Rf1 h4 36. Rde1 Kxg5 37. Be3+ Kg4 38. Rf4+ Kh5 39. Rh1 Ng5 40. Rfxh4+ Kg6 41. Rh6+ Kf5 42. Bxg5 Re2+ 43. Kf3 Rxb2 44. Rf6+ Kxg5 45. Rf8 $4 {[%mdl 8192]} (45. Rfh6 $18 {[%csl Gh6][%cal Rh1h5] is the narrow road to win.} Rh2 46. R6xh2 gxh2 47. Rxh2) 45... Rb3 $4 {[%mdl 8192]} (45... Rf2+ $19 46. Kxg3 Rxf8) 46. Rg8+ Kf6 47. Rf8+ $2 ({Better is} 47. Rh6+ $18 Kf5 48. Rxc6) 47... Ke7 $2 {[#]} (47... Kg5 $1 $11) 48. Rf4 $1 (48. Rc8 $6 Kd7 $14) 48... Kd6 (48... Rxc3+ $16 {was called for.} 49. Kg2 Rxa3) 49. Kg4 $2 (49. Kxg3 $6 Kc5) (49. Rc1 $18) 49... Kc5 (49... g2 $17 50. Rg1 Rxa3) 50. Rh6 $2 {[%mdl 8192]} (50. Kxg3 $11 Rxa3 51. Rf3) 50... Rxc3 $2 (50... g2 $19 51. Rff6 g1=Q+ 52. Kf5 Qb1+ 53. Kg5 Qc1+ 54. Kf5 Qc2+ 55. Kg5 Qg2+ 56. Kh4 Qe4+ 57. Kh5 Qe2+ 58. Kg5 Qe7) 51. Rg6 $2 {[#]} (51. Rf3 $11 {and White stays safe.} Rxf3 52. Kxf3) 51... Rc4 $2 ({Don't take} 51... Rxa3 52. Rff6 $15) ({Black should play} 51... g2 $1 $19 {[%cal Rg2g1]} 52. Kh4 Rxa3) 52. Kf5 Kb6 $2 {[%mdl 8192]} ({Much worse is} 52... Rc3 $6 53. Ke6 $16) (52... Rxf4+ $11 53. Kxf4 b4 54. axb4+ (54. Rxg3 b3 $11) 54... Kxb4) 53. Rxg3 $2 (53. Rxc4 dxc4 54. Ke4) 53... Rc5 $2 (53... Kc5 54. Rff3 Rc1) 54. Rff3 (54. Ke6 $142) 54... d4+ $2 (54... Rc4 {was worth a try.} 55. Rg6 Kc5) 55. Kf4 Rc3 (55... Rd5 $18 56. Ke4 Rd6) 56. Ke4 $2 (56. Rxc3 {mates} dxc3 57. Rxc3 c5 58. Rc1 b4 59. Ke5 Kb7 60. Kd5 Kb6 61. axb4) 56... b4 $2 (56... Rc4 $18 57. Rf8 Kc5 58. Rg5+ Kb6 59. Rb8+ Kc7) 57. Rxc3 {Accuracy: White = 44%, Black = 26%.} 1-0